NBA Rising Stars Challenge 2018 - Statistics

General Stats
  • This quiz has been taken 166 times
  • The average score is 12 of 20
Answer Stats
Pos. Player Team % Correct
G Lonzo Ball Lakers
91%
F Jayson Tatum Celtics
86%
G/F Ben Simmons 76ers
79%
G/F Jaylen Brown Celtics
78%
C Joel Embiid 76ers
76%
F Kyle Kuzma Lakers
75%
G Donovan Mitchell Jazz
73%
G/F Brandon Ingram Lakers
69%
G Malcolm Brogdon Bucks
67%
G Jamal Murray Nuggets
61%
G Dennis Smith Jr. Mavericks
60%
F Lauri Markkanen Bulls
59%
F/C John Collins Hawks
57%
G Buddy Hield Kings
56%
G Kris Dunn Bulls
49%
F Dario Saric 76ers
47%
F/C Domantas Sabonis Pacers
42%
G Frank Ntilikina Knicks
37%
G Bogdan Bogdanovic Kings
32%
G/F Dillon Brooks Grizzlies
25%
No matching quizzes found
Score Distribution
Percent of People with Each Score
Percentile by Number Answered
Your Score History
You have not taken this quiz